000 00518nam a22001814a 4500
020 _a9057024195
040 _cNLM
082 0 0 _a611 OPA 1999 C142 Or.
245 0 0 _aEpithelial morphogenesis in development and disease /
260 _aAmsterdam :
_bHarwood Academic,
_cc1999
300 _axiv, 449 p. :
_bill. (some col.) ;
_c26 cm
490 1 _aCell adhesion and communication,
650 0 _aMorphogenesis
650 0 _aEpithelial cells
700 1 _aBirchmeier, W.
700 1 _aBirchmeier, Carmen
942 _cEK
999 _c18310
_d18310